| 000 | 00659nam a2200217 4500 | ||
|---|---|---|---|
| 003 | OSt | ||
| 005 | 20240606021834.0 | ||
| 006 | a | ||
| 008 | 240606b |||||||| |||| 00| 0 eng d | ||
| 020 | _a9789719919391 | ||
| 040 |
_aDWCL-Main lib. _cOC |
||
| 082 |
_2Revised edition _aFil. 657 V173t 2013 |
||
| 100 | _aValix, Conrado T. | ||
| 245 | _aTheory of accounts : CPA examination, volume 2 / | ||
| 250 | _aRevised edition | ||
| 260 |
_aManila : _bGIC Enterprises, _cc2013. |
||
| 300 |
_avii, _b846 pages ; _c22 cm. |
||
| 650 | _a1. Accounting–Examinations, questions, etc. | ||
| 700 | _aConrado T. Valix | ||
| 942 |
_2ddc _n0 _cBK - FIL _eRevised edition _kFil. |
||
| 999 |
_c241 _d241 |
||